00393nam a2200157Ia 4500008004100000020001500041082001700056100002400073245003300097250000800130260002500138300001100163500002400174650001600198700002100214230524s9999 xx 000 0 und d a0074622358 a621.381bMAL aAlbert Paul Malvino 0aDigital Computer Electronics a3TH aNEW DELHIbTMHc2002 aVI;522 aQuantity Number: 2 aElectronics a Jerald A. Brown